000 00451nam a2200145Ia 4500
008 100415s9999 xx 000 0 und d
082 _b14615
_a658.048
100 _aFernandes Walter (ed.)
245 _aVoluntary Action and Governmental Control
260 _aNEW DELHI
_c1986
_bINDIAN SOCIAL INSTITUTE
365 _b0
630 _aVoluntary Action and Governmental Control
730 _aVoluntary Action and Governmental Control
942 _cBOOK
999 _c597513
_d597510